| 000 | 00733nam a22002177a 4500 | ||
|---|---|---|---|
| 999 |
_c4694 _d4694 |
||
| 003 | AR-CdUCM | ||
| 008 | 190311b ||||| |||| 00| 0 spa d | ||
| 040 |
_aMUNICIPALIDAD PROVINCIAL DEL CUSCO _cBIBLIOTECA MUNICIPAL DEL CUSCO |
||
| 041 | _hrus | ||
| 082 |
_a335.43 / _bER72 |
||
| 100 |
_aEremin, Yuri _914582 |
||
| 245 | _aEl progreso social y la juventud / | ||
| 260 |
_aMoscu : _bProgreso, _c1977 |
||
| 300 |
_a300 páginas ; _c21 cm. |
||
| 505 | _aContenido: Preguntas y respuestas de la sociología de la juventud -- La prueba de los hechos -- Extraño nombre: "Sovietojuvenologia". | ||
| 650 |
_aMarxismo _924 |
||
| 650 |
_aJuventud rusa _914583 |
||
| 700 |
_aF. Pita, Afelee _914584 |
||
| 942 |
_2ddc _cLIBROS |
||
| 945 | _acmm | ||